| 000 | 01414pam a2200385 i 4500 | ||
|---|---|---|---|
| 001 | 2206667 | ||
| 003 | OSt | ||
| 005 | 20250901165803.0 | ||
| 008 | 750402s1975 nyu 000 1 eng | ||
| 010 | _a 74033741 | ||
| 020 |
_a0385096909 : _c$5.95 |
||
| 040 |
_aDLC _beng _erda _cDLC _dDLC |
||
| 042 | _apcc | ||
| 050 | 0 | 0 |
_aPZ 4 .H2265 Gat 1975 _bGat _aPS3558.A454 |
| 051 |
_aPS3558.A454 _bG38 1975 Copy 1 _cIn original illustrated dust jacket. Review copy: slip from publisher laid in. |
||
| 082 | 0 | 0 | _a813/.5/4 |
| 100 | 1 |
_aHammonds, Michael, _eauthor. |
|
| 245 | 1 | 2 |
_aA gathering of wolves / _cMichael Hammonds. |
| 250 | _aFirst edition. | ||
| 264 | 1 |
_aGarden City, New York : _bDoubleday & Company, Inc., _c1975. |
|
| 300 |
_a160 pages ; _c22 cm. |
||
| 336 |
_atext _btxt _2rdacontent |
||
| 337 |
_aunmediated _bn _2rdamedia |
||
| 338 |
_avolume _bnc _2rdacarrier |
||
| 490 | 0 | _aA Double D western | |
| 500 | _a"Jacket illustration by Kenneth Frances [Francis] Dewey"--Dust jacket. | ||
| 500 | _aSeries from dust jacket. | ||
| 650 | 0 |
_aKidnapping _vFiction. |
|
| 655 | 7 |
_aWestern stories. _2gsafd |
|
| 655 | 7 |
_aDust jackets (Binding) _zNew York (State) _zGarden City _y20th century. _2rbbin |
|
| 700 | 1 |
_aDewey, Kenneth Francis, _eillustrator. |
|
| 710 | 2 |
_aLarry Dingman Western Fiction Collection (Library of Congress) _5DLC |
|
| 906 |
_a7 _bcbc _corignew _d1 _eocip _f19 _gy-gencatlg |
||
| 942 |
_2lcc _cBK |
||
| 999 |
_c9246 _d9246 |
||